000 00511nam a2200193Ia 4500
003 GCL
008 140319s9999 xx 000 0 eng d
040 _aGCL /
_cGCL
082 0 4 _a751.4224
_bR F
100 1 _aRILEY, PAUL
245 1 0 _aFLOWER PAINTING: HOW TO PAINT FREE AND VIBRANT WATERCALOURS /
_cRILEY, PAUL
260 _a[S.N] :
_bDAVID PARTEOUS ،
_c1992
300 _a157\P
650 0 4 _aPAINTING - FLOWERS
650 0 4 _aFLOWERS
650 0 4 _aCOLOUR
650 0 4 _aWATER COLOURS
942 _2ddc
_cBK
999 _c20845
_d20845